000 00644nam a22001455i 4500
001 169987
003 ES-MaACL
005 20230906214247.0
008 090108q1834 sp |||| | spa d
245 0 0 _aInstrucción que ha de observarse en los cordones sanitarios mandados establecer en Real Orden expedida por el Ministerio de lo Interior en 19 de junio de 1834.
260 _aMadrid :
_b[s.n.,
_c1834?] (
_fImp. Real)
300 _a[8] p. ;
_c20 cm.
650 4 _aSalud pública-
_zEspaña-
_yS.XIX.
_9148681
852 4 _aES-MaACL
_jT-370-F-26
_z- Dedicatoria manuscrita: "A la biblioteca de "Los Escolares Médicos", el socio S. Vélez Sanz
999 _c169987
_d169987